000 00461nam a2200169Ia 4500
008 110201s9999 xx 000 0 und d
082 _bB8218
_aKS 1233
100 _aमुजावर बशीर
245 _aकवच
260 _bपायल पब्लिकेशन
365 _b170
600 _aमुजावर बशीर
630 _aकवच
700 _aमुजावर बशीर
730 _aकवच
942 _cBOOK
999 _c833708
_d833705